| 000 | 00705nam a2200229Ia 4500 | ||
|---|---|---|---|
| 005 | 20250425162436.0 | ||
| 008 | 250425s9999 xx 000 0 und d | ||
| 020 | _a013147135X | ||
| 041 | _aeng | ||
| 082 |
_a621.382 _pPRO |
||
| 100 | _aProakis, John G. | ||
| 245 | 0 |
_aFundamentals of Communication Systems _cJohn G. Proakis, Masoud Salehi |
|
| 260 |
_aEstados Unidos _bPearson _c2005 |
||
| 300 |
_a858 p. _bIlustrado _c24 cm |
||
| 500 | _aIncluye tabla de contenido, bibliografía, índice | ||
| 650 | _aAnálisis de contenido (Comunicación) | ||
| 650 | _aComunicaciones digitales | ||
| 650 | _aSistemas de comunicación | ||
| 902 |
_aMonográfico _cImpreso |
||
| 942 | _c01 | ||
| 010 | _a74272 | ||
| 999 |
_c229310 _d229310 |
||